Глобальная трансформация национальных рыночных систем и формирование структуры экономики знания: монография

Bibliographische Detailangaben
1. Verfasser: Гасанов Э. А.
Körperschaft: Национальный исследовательский Томский политехнический университет (ТПУ)
Weitere Verfasser: Гасанов М. А. Магеррам Али оглы
Zusammenfassung:Заглавие с титульного экрана
В монографии рассматриваются основные теоретические положения глобальной трансформации национальных рыночных систем, их страновые и мегарегиональные специфики и формирование структуры экономики знания. Значительное внимание уделено вопросам трансформации рыночных систем под влиянием революционных этапов научно-технического прогресса. Предназначена для научных работников, аспирантов, магистрантов, студентов и специалистов, интересующихся проблемами теории структурных сдвигов.
Режим доступа: из корпоративной сети ТПУ
Sprache:Russisch
Veröffentlicht: Томск, Изд-во ТПУ, 2011
Schlagworte:
Online-Zugang:http://www.lib.tpu.ru/fulltext2/m/2012/m174.pdf
Format: MixedMaterials Elektronisch Buch
KOHA link:https://koha.lib.tpu.ru/cgi-bin/koha/opac-detail.pl?biblionumber=214174

MARC

LEADER 00000nlm0a2200000 4500
001 214174
005 20231220095758.0
035 |a (RuTPU)RU\TPU\book\234031 
035 |a RU\TPU\book\222224 
090 |a 214174 
100 |a 20120420d2011 k y0rusy50 ca 
101 0 |a rus 
102 |a RU 
105 |a y z 001zy 
135 |a drgn ---uucaa 
181 0 |a i  
182 0 |a b 
200 1 |a Глобальная трансформация национальных рыночных систем и формирование структуры экономики знания  |e монография  |f Э. А. Гасанов, М. А. Гасанов  |g Национальный исследовательский Томский политехнический университет (ТПУ) 
203 |a Текст  |c электронный 
210 |a Томск  |c Изд-во ТПУ  |d 2011 
300 |a Заглавие с титульного экрана 
330 |a В монографии рассматриваются основные теоретические положения глобальной трансформации национальных рыночных систем, их страновые и мегарегиональные специфики и формирование структуры экономики знания. Значительное внимание уделено вопросам трансформации рыночных систем под влиянием революционных этапов научно-технического прогресса. Предназначена для научных работников, аспирантов, магистрантов, студентов и специалистов, интересующихся проблемами теории структурных сдвигов. 
333 |a Режим доступа: из корпоративной сети ТПУ 
337 |a Adobe Reader 
606 1 |a Рынок  |x Экономическая теория  |2 stltpush  |3 (RuTPU)RU\TPU\subj\26442  |9 50368 
610 1 |a электронный ресурс 
610 1 |a труды учёных ТПУ 
610 1 |a монографии 
610 1 |a экономика 
610 1 |a глобальная экономика 
610 1 |a рыночные системы 
610 1 |a мегаструктуры 
610 1 |a экономика знаний 
610 1 |a научно-технический прогресс 
610 1 |a структурные соотношения 
610 1 |a трансформация 
610 1 |a трансформирующаяся экономика 
610 1 |a национальные системы 
610 1 |a рыночные системы 
686 |a У011.31  |2 rubbk 
700 1 |a Гасанов  |b Э. А. 
701 1 |a Гасанов  |b М. А.  |c экономист  |c профессор Томского политехнического университета, доктор экономических наук  |f 1963-  |g Магеррам Али оглы  |3 (RuTPU)RU\TPU\pers\28713  |9 13510 
712 0 2 |a Национальный исследовательский Томский политехнический университет (ТПУ)  |c (2009- )  |3 (RuTPU)RU\TPU\col\15902 
801 1 |a RU  |b 63413507  |c 20111114 
801 2 |a RU  |b 63413507  |c 20130115  |g RCR 
856 4 |u http://www.lib.tpu.ru/fulltext2/m/2012/m174.pdf 
942 |c CF